000 00520nam a22001817a 4500
005 20251108172607.0
008 250721s9999 xx 000 0 eng d
082 1 4 _a423.1HARR
100 1 _aKassis, N
_eeditor
245 1 0 _aHarraps English dictionary for speakers of Arabic /
246 1 1 _aقاموس هاراب: إنجليزي-إنجليزي- عربي
264 1 _aToronto :
_bKernerman,
300 _a660p.
650 1 7 _aDictionaries
700 1 _aAngel, T
_eJoint editor
942 _2ddc
_cBK
999 _c83462
_d83462